=LDR 00000nam 2200000 4500 =001 INLIS000000000008508 =005 20130612100350 =008 ***********************************Ind** =035 ##$$0010-061300000008508 =041 ##$$a Ind =082 ##$$a 372.8 =090 ##$$a 372.8, Muc i =100 ##$$a Muchtar =245 ##$$a IPs 1 A, Muchtar .S.P =260 ##$$a 2001 $b Jakarta =300 ##$$a 87 hlm, 28 cm =650 ##$$a IPS Pendidikan Dasar